[Event "Plovdiv Tringov Memorial 35th"]
[Site "Plovdiv"]
[Date "2013.02.06"]
[Round "5"]
[White "Nedev, Teodor"]
[Black "Stanojoski, Zvonko"]
[Result "0-1"]
[WhiteElo "2144"]
[BlackElo "2410"]
[PlyCount "80"]
[EventDate "2013.02.03"]
[EventType "swiss"]
[EventRounds "9"]
[EventCountry "BUL"]
[SourceTitle "CBM 152 Extra"]
[Source "ChessBase"]
[SourceDate "2013.02.25"]
[SourceVersion "1"]
[SourceVersionDate "2013.02.25"]
[SourceQuality "1"]

1. e4 c5 2. Nf3 Nc6 3. d4 cxd4 4. Nxd4 g6 5. Nc3 Bg7 6. Be3 Nf6 7. Be2 0-0 8. 0-0 d6 9. f3 Bd7 10. Qd2 Nxd4 11. Bxd4 Qa5 12. Rfd1 Rfc8 13. Be3 Be6 14. Nb5 Qxd2 15. Rxd2 a6 16. Nd4 Bc4 17. Rad1 Nd7 18. Bxc4 Rxc4 19. b3 Rc3 20. Kf2 Rac8 21. Rc1 b5 22. Ne2 R3c7 23. Bd4 Ne5 24. c3 Bh6 25. Be3 Bf8 26. h3 Nd7 27. Rdc2 Nc5 28. Rd1 Ne6 29. Bb6 Rc6 30. Ba5 Bg7 31. g3 Nc5 32. Nd4 Bxd4+ 33. Rxd4 Nb7 34. Bb4 a5 35. Ba3 Rxc3 36. Rcd2 f6 37. g4 Rc2 38. h4 Nd8 39. Kg3 Ne6 40. Rd5 b4 0-1

[Event "Plovdiv Tringov Memorial 35th"]
[Site "Plovdiv"]
[Date "2013.02.05"]
[Round "3"]
[White "Georgescu, Tiberiu Marian"]
[Black "Nedev, Teodor"]
[Result "1-0"]
[WhiteElo "2396"]
[BlackElo "2144"]
[PlyCount "83"]
[EventDate "2013.02.03"]
[EventType "swiss"]
[EventRounds "9"]
[EventCountry "BUL"]
[SourceTitle "CBM 152 Extra"]
[Source "ChessBase"]
[SourceDate "2013.02.25"]
[SourceVersion "1"]
[SourceVersionDate "2013.02.25"]
[SourceQuality "1"]

1. d4 e6 2. c4 c5 3. d5 exd5 4. cxd5 d6 5. Nc3 g6 6. Nf3 Bg7 7. Bf4 Nf6 8. Qa4+ Bd7 9. Qb3 Qc7 10. e4 Nh5 11. Be3 0-0 12. Nd2 a6 13. a4 Re8 14. Be2 Nf6 15. 0-0 Bc8 16. Bf4 Nbd7 17. Nc4 Bf8 18. Qc2 Rb8 19. a5 b5 20. axb6 Nxb6 21. Na5 Nbd7 22. Rfe1 Rb6 23. Bf1 Nh5 24. Bd2 Ne5 25. Be2 Bg4 26. f3 Bc8 27. f4 Ng4 28. Nc4 Rb4 29. Nd1 Rb8 30. Bxg4 Bxg4 31. Rxa6 Bd7 32. Ra3 Bb5 33. Rf3 Bg7 34. b3 Bd7 35. Nf2 f5 36. e5 dxe5 37. fxe5 Bxe5 38. Rxe5 Rxe5 39. d6 Qc6 40. Nxe5 Qxd6 41. Nxd7 Qxd7 42. Qc4+ 1-0